Memory and desire : (Record no. 18629)
[ view plain ]
| 000 -LEADER | |
|---|---|
| fixed length control field | 01347cam a22003014a 4500 |
| 001 - CONTROL NUMBER | |
| control field | 12902893 |
| 005 - DATE AND TIME OF LATEST TRANSACTION | |
| control field | 20170113120550.0 |
| 008 - FIXED-LENGTH DATA ELEMENTS--GENERAL INFORMATION | |
| fixed length control field | 020822s2002 vtua bc 001 0 eng |
| 010 ## - LIBRARY OF CONGRESS CONTROL NUMBER | |
| LC control number | 2002028039 |
| 020 ## - INTERNATIONAL STANDARD BOOK NUMBER | |
| International Standard Book Number | 0754632040 (alk. paper) |
| 040 ## - CATALOGING SOURCE | |
| Original cataloging agency | DLC |
| Transcribing agency | DLC |
| Modifying agency | DLC |
| 042 ## - AUTHENTICATION CODE | |
| Authentication code | pcc |
| 043 ## - GEOGRAPHIC AREA CODE | |
| Geographic area code | e-uk--- |
| -- | e-ie--- |
| 050 00 - LIBRARY OF CONGRESS CALL NUMBER | |
| Classification number | ND468 |
| Item number | .M345 2002 |
| 100 1# - MAIN ENTRY--PERSONAL NAME | |
| Personal name | McConkey, Kenneth. |
| 245 10 - TITLE STATEMENT | |
| Title | Memory and desire : |
| Remainder of title | painting in Britain and Ireland at the turn of the twentieth century / |
| Statement of responsibility, etc. | Kenneth McConkey. |
| 260 ## - PUBLICATION, DISTRIBUTION, ETC. (IMPRINT) | |
| Place of publication, distribution, etc. | Burlington, VT : |
| Name of publisher, distributor, etc. | Ashgate, |
| Date of publication, distribution, etc. | c2002. |
| 300 ## - PHYSICAL DESCRIPTION | |
| Extent | xv, 304 p. : |
| Other physical details | ill. (some col.) ; |
| Dimensions | 27 cm. |
| 440 #0 - SERIES STATEMENT/ADDED ENTRY--TITLE | |
| Title | British art and visual culture since 1750, new readings |
| 504 ## - BIBLIOGRAPHY, ETC. NOTE | |
| Bibliography, etc | Includes bibliographical references (p. 291-300) and index. |
| 650 #0 - SUBJECT ADDED ENTRY--TOPICAL TERM | |
| Topical term or geographic name as entry element | Painting, British |
| Chronological subdivision | 20th century |
| Form subdivision | Catalogs. |
| 650 #0 - SUBJECT ADDED ENTRY--TOPICAL TERM | |
| Topical term or geographic name as entry element | Painting, Irish |
| Chronological subdivision | 20th century |
| Form subdivision | Exhibitions. |
| 856 41 - ELECTRONIC LOCATION AND ACCESS | |
| Materials specified | Table of contents |
| Uniform Resource Identifier | <a href="http://www.loc.gov/catdir/toc/fy036/2002028039.html">http://www.loc.gov/catdir/toc/fy036/2002028039.html</a> |
| 942 ## - ADDED ENTRY ELEMENTS (KOHA) | |
| Source of classification or shelving scheme | |
| Koha item type | Hard Covered Materials |
| Classification part | ND468 .M345 2002 |
| Withdrawn status | Lost status | Source of classification or shelving scheme | Damaged status | Not for loan | Home library | Current library | Shelving location | Date acquired | Source of acquisition | Total Checkouts | Full call number | Barcode | Date last seen | Price effective from | Koha item type |
|---|---|---|---|---|---|---|---|---|---|---|---|---|---|---|---|
| MACHAKOS UNIVERSITY LIBRARY | MACHAKOS UNIVERSITY LIBRARY | Technical section | 13/01/2017 | Donation(BFA) | ND468 .M345 2002 | 29365 | 13/07/2018 | 13/01/2017 | Hard Covered Materials |